Mancomunidad entre el alma literaria de España y la de la América Latina (Record no. 63027)

MARC details
000 -LEADER
campo de control de longitud fija 00653nam a2200157 i 4500
001 - NÚMERO DE CONTROL
campo de control 63027
003 - IDENTIFICADOR DE NÚMERO DE CONTROL
campo de control ES-MaACL
005 - FECHA Y HORA DE LA ÚLTIMA TRANSACCIÓN
campo de control 20230906164754.0
007 - CAMPO FIJO DE DESCRIPCIÓN FÍSICA--INFORMACIÓN GENERAL
campo de control de longitud fija t|
008 - DATOS DE LONGITUD FIJA--INFORMACIÓN GENERAL
campo de control de longitud fija 031127s1911 cl ||||1| spa d
100 1# - ENTRADA PRINCIPAL--NOMBRE DE PERSONA
Nombre de persona Fernández Pesquero, Javier.
9 (RLIN) 49998
245 10 - MENCIÓN DEL TÍTULO
Título Mancomunidad entre el alma literaria de España y la de la América Latina
Resto del título : conferencia pronunciada el 7 de julio de 1911, en la Universidad del Estado, en sesión celebrada por el Ateneo de Santiago de Chile /
Mención de responsabilidad, etc. Javier Fernández Pesquero.
260 ## - PUBLICACIÓN, DISTRIBUCIÓN, ETC.
Lugar de publicación, distribución, etc. Santiago de Chile :
Nombre del editor, distribuidor, etc. [s.n.],
Fecha de publicación, distribución, etc. 1911 (
Fabricante Victoria)
300 ## - DESCRIPCIÓN FÍSICA
Extensión 22 p. :
Otras características físicas retr. aut. ;
Dimensiones 24 cm.
852 ## - LOCALIZACIÓN
Ubicación ES-MaACL
Número de control de estantería T-1436-F-9
Holdings
Estatus retirado Estado de pérdida Estado de daño No para préstamo Colección Biblioteca de origen Biblioteca actual Ubicación en estantería Fecha de adquisición Fuente de adquisición Total de préstamos Signatura topográfica completa Código de barras Visto por última vez Precio de reemplazo Tipo de ítem Koha
        Colección de folletos Biblioteca del Ateneo de Madrid Biblioteca del Ateneo de Madrid Depósito folletos 17/01/2008     T-1436-F-9 1066075 23/02/2023 23/02/2023 Folleto